LEADER 00903nam0-22003011i-450- 001 990003065070403321 035 $a000306507 035 $aFED01000306507 035 $a(Aleph)000306507FED01 035 $a000306507 100 $a20000920d1966----km-y0itay50------ba 101 0 $aeng 102 $aIT 200 1 $a<>Economy of the Israeli Kibbutz$fBy Eliyahu Kanovsky. 210 $aCambridge$dMass.$cHarvard University Press$cdistributed for the Center for Middle Eastern Studies$d1966. 215 $aIX, 169 p.$c21 cm 225 1 $aHarvard Middle Eastern Monographs$v13 610 0 $aIsraele$aKibbutz 676 $aF/1.342 702 1$aKanovsky,$bEliyahu 801 0$aIT$bUNINA$gRICA$2UNIMARC 901 $aBK 912 $a990003065070403321 952 $aF/1.342 KAN$b1054/I$fSES 959 $aSES 996 $aEconomy of the Israeli Kibbutz$9464890 997 $aUNINA DB $aING01 LEADER 01665nas 2200409 n 450 001 990008918730403321 005 20240229084442.0 011 $a1049-0701 035 $a000891873 035 $aFED01000891873 035 $a(Aleph)000891873FED01 035 $a000891873 091 $2CNR$aP 00011329 100 $a20161109c1939uuuukm-y0itaa50------ba 101 0 $aeng 110 $aauu-------- 200 1 $aBiological abstracts. Section D: Plant sciences 207 1$a1939-0 210 $aPhiladelphia$c[s.n.] 530 0 $aBiological abstracts. Section D: Plant sciences 675 $a051 675 $a58 675 $a633 675 $a634 675 $a635 676 $a581 712 02$aUnion of American Biological Societies Biosciences Information Service 801 0$aIT$bACNP$c20090723 859 4 $uhttp://acnp.cib.unibo.it/cgi-ser/start/it/cnr/dc-p1.tcl?catno=5196&person=false&language=ITALIANO&libr=&libr_th=unina1$zBiblioteche che possiedono il periodico 901 $aSE 912 $a990008918730403321 958 $aBiblioteca Centralizzata. Facoltà di Agraria dell'Università Federico II di Napoli$b1954-1962;$fFAGBC 959 $aFAGBC 996 $aBiological abstracts. Section D: Plant sciences$9799233 997 $aUNINA AP1 8 $6866-01$aNA087 Biblioteca Centralizzata. Facoltà di Agraria dell'Università Federico II di Napoli$ev. Università, 100 Palazzo Reale, 80055 Portici (NA)$m081-2539322$m081-7760229$nit AP2 40$aacnp.cib.unibo.it$nACNP Italian Union Catalogue of Serials$uhttp://acnp.cib.unibo.it/cgi-ser/start/it/cnr/df-p.tcl?catno=5196&language=ITALIANO&libr=&person=&B=1&libr_th=unina&proposto=NO